| 000 | 01907nam a22002777a 4500 | ||
|---|---|---|---|
| 003 | DO-SdBNP | ||
| 005 | 20211019111159.0 | ||
| 007 | ta | ||
| 008 | 210906b 2019 dr 00| 0 eng d | ||
| 020 | _a9789945894691 (rústica) | ||
| 020 | _a9789945917901 (tapa dura) | ||
| 040 |
_aDO-SdBNP _bspa _cBPMSU |
||
| 082 |
_bE77s 2019 _aRD863.44 _222 |
||
| 100 | 1 | _aEspaillat Cabral, Arnaldo | |
| 245 | 1 | 3 |
_aEl secreto del monje / _cArnaldo Espaillat Cabral |
| 260 |
_aSanto Domingo : _bAcademia de Ciencias de la República Dominicana, _c2019. |
||
| 300 |
_a293 p. : _bil. ; _c23 cm.. |
||
| 500 | _aIncluye datos biográficos del autor en la solapa de la cubierta | ||
| 505 | _aSanto Domingo, 1881: -- La cinta secreta -- El testamento --El cronista de las Indias -- Los caballeros del Adviento --Ese hombre es un Don Juan -- El conde de Villamediana -- A la hora del Angelus. el alcazar: -- El presbiterio de la Catedral --Un error histórico. El convento de la Merced -- La celda del monje -- Bajo las arcadas del claustro -- La madre desconocida -- El servicio secreto -- La nao Santa Catalina -- La boda secreta -- El código de las siete partidas -- La sin ventura -- En el valle de Panchoy. El nitaino del Ozama --La heredera -- Las heridas del ayer -- El mesón de Araujo.-- Once años después : -- La insólita demanda -- A puerta cerrada --Los imponderables --Las hojas secas -- La prueba documental. La condesa de Lemos -- : --La impunidad engendra pecado -- Un inefable magnetismo -- Las oligarquías nunca olvidan -- Las llagas del pecado --Una fragante flor de loto -- Cuando impera la intriga -- El convento de Santa Clara -- Impera una calma ominosa -- Epílogo | ||
| 590 | _aInventariado, 2021/VM | ||
| 650 | 4 | _aNovela histórica dominicana | |
| 650 | 4 | _aLiteratura dominicana | |
| 710 | 2 | _a Academia de Ciencias de la República Dominicana, | |
| 910 | _aVMateo V, | ||
| 942 |
_2ddc _cBK |
||
| 999 |
_c13806 _d13806 |
||